|
|
|
|
| LEADER |
00000cam a2200000 7i4500 |
| 001 |
0000055893 |
| 005 |
20091230093000.0 |
| 008 |
080317m20029999my eng |
| 022 |
0 |
|
|a 1675-4778
|
| 090 |
0 |
0 |
|a Q127.M34
|b M35
|
| 245 |
0 |
0 |
|a Malaysia :
|b technology, research & development :
|b knowledge and facilities directory
|
| 260 |
|
|
|a Kuala Lumpur :
|b CTG Creative Point Sdn. Bhd ,
|c 2002-
|
| 300 |
|
|
|a v. :
|b col. ill. ;
|c 30 cm.
|
| 310 |
|
|
|a Biennial
|
| 362 |
1 |
|
|a 2002/3-
|
| 500 |
|
|
|a "Inaugural issue. Published : October 2002"--Masthead
|
| 550 |
0 |
0 |
|a Published in collaboration with : Malaysian Science and Technology Information Centre (MASTIC), Ministry of Science, Technology and the Environment, Malaysia
|
| 650 |
|
0 |
|a Administrative agencies
|z Malaysia
|v Directories
|
| 650 |
|
0 |
|a Industrialization
|z Malaysia
|
| 650 |
|
0 |
|a Laboratories
|z Malaysia
|v Directories
|
| 650 |
|
0 |
|a Research
|z Malaysia
|v Directories
|
| 650 |
|
0 |
|a Science
|z Malaysia
|v Directories
|
| 650 |
|
0 |
|a Technology
|z Malaysia
|v Directories
|
| 710 |
1 |
|
|a Malaysia .
|b Kementerian Sains, Teknologi dan Alam Sekitar
|
| 999 |
|
|
|a 1000115699
|b Book
|c OPEN SHELF (30 DAYS)
|e Gong Badak Campus
|
| 999 |
|
|
|a 1000115700
|b Book
|c Reference
|e Gong Badak Campus
|